Statistics for Countries Elimination Quiz # 5

Click here to take the quiz!

General Stats

  • This quiz has been taken 921 times
  • The average score is 16 of 16

Answer Stats

Country% Correct
Atlantic Coastline | Borders More Than One Country | European Countries Over 50 Mil | +2 othersFrance
100%
Borders More Than One Country | European Countries Over 50 Mil | Share Any Lette rWith Capital | Won World CupGermany
99%
European Countries Over 50 Mil | Share Any Letter With Capital | Won World CupUK
98%
European Countries Over 50 MilItaly
97%
European Countries Over 50 Mil | Share Any Letter With CapitalRussia
96%
CapitalParis
96%

Score Distribution

Percentile by Number Answered

Percent of People with Each Score

Your Score History

You have not taken this quiz